[Event "Blackpool zt"]
[Site "Blackpool"]
[Date "1990.??.??"]
[Round "?"]
[White "Davies, Nigel Rodney"]
[Black "Adams, Michael"]
[Result "1/2-1/2"]
[WhiteElo "2475"]
[BlackElo "2555"]
[Annotator "Horn,Pe"]
[PlyCount "72"]
[EventDate "1990.05.??"]
[EventType "tourn"]
[EventRounds "11"]
[EventCountry "ENG"]
[EventCategory "8"]
[SourceTitle "CBM 018"]
[Source "ChessBase"]
[SourceDate "1990.10.01"]
[SourceVersion "1"]
[SourceVersionDate "1990.10.01"]
[SourceQuality "1"]

1. Nf3 Nf6 2. g3 d5 3. Bg2 c6 4. c4 dxc4 5. O-O Nbd7 6. Na3 Nb6 7. Qc2 Qd5 8.
Nh4 Qe6 9. e4 g6 10. b3 cxb3 11. axb3 Bg7 12. d4 O-O 13. Bb2 Qd7 14. Rad1 {N} (
14. Nf3 Qc7 15. Rfe1 Ne8 16. Ne5 $146 {Salov-Beliavsky, 54-ch URS 1987}) 14...
e6 15. Rfe1 a5 16. Nf3 Qe7 17. Nc4 Nxc4 18. bxc4 Rd8 19. Nd2 (19. e5 Ne8) (19.
Ne5) 19... e5 20. d5 cxd5 21. exd5 Bf5 22. Qc1 e4 (22... Nd7 23. Ba3 Nc5 $2 (
23... Qf6 24. c5 $16) 24. d6 $1 $18) 23. h3 h5 24. Qa1 $1 Ne8 25. Bxg7 Nxg7 26.
Bxe4 Qd6 27. Bxf5 gxf5 $1 $14 (27... Nxf5 28. Ne4 $18) 28. Qd4 b6 29. Nf3 (29.
Rb1 $5) 29... Re8 30. Rb1 Rxe1+ 31. Nxe1 Ra6 32. Nd3 a4 33. Nb4 Ra8 34. Nc2 Ra6
35. Nb4 Ra8 36. Nc2 Ra6 1/2-1/2

[Event "USA-ch m"]
[Site "Jacksonville"]
[Date "1990.??.??"]
[Round "2"]
[White "Alburt, Lev O"]
[Black "Dlugy, Maxim"]
[Result "1/2-1/2"]
[WhiteElo "2530"]
[BlackElo "2565"]
[Annotator "Horn,Pe"]
[PlyCount "111"]
[EventDate "1990.08.??"]
[EventType "k.o."]
[EventRounds "4"]
[EventCountry "USA"]
[SourceTitle "CBM 021"]
[Source "ChessBase"]
[SourceDate "1991.04.01"]
[SourceVersion "1"]
[SourceVersionDate "1991.04.01"]
[SourceQuality "1"]

1. Nf3 d5 2. g3 c6 3. c4 Nf6 4. Bg2 Bf5 5. cxd5 cxd5 6. Qb3 Qb6 7. Qxb6 axb6 8.
Nc3 e6 (8... Nc6 9. d3 e6 $14) 9. Nd4 $5 Bg6 10. Ndb5 Kd7 (10... Na6 11. d3 Be7
12. Be3 Nd7 13. O-O O-O 14. Rfc1 Rfc8 15. Bf4 Nb4 $2 (15... h6) 16. Nc7 Ra5 17.
a3 Nc6 18. b4 Ra7 19. N3b5 Ra4 20. Bh3 $16 {Vekshenkov-Boidman, Moskau 1985})
11. d3 (11. O-O Nc6 12. d4 Be7 13. Bf4 Na7 14. Nxa7 Rxa7 15. f3 {Sehner-Pieper
Emden, 2.BL 87}) 11... Nc6 12. O-O Bc5 13. b3 Ra5 14. a4 Rc8 15. Rb1 Raa8 16.
e4 Nb4 17. Rd1 Ng4 $2 (17... Ke8 $14) 18. Rb2 Ke8 $2 (18... Nf6) 19. d4 Be7 20.
exd5 Nd3 21. dxe6 $1 (21. Rbd2 Nxc1 22. Rxc1 Bg5) 21... Nxb2 22. Bxb2 {/\ Bxb7}
Rab8 23. exf7+ Kxf7 $2 (23... Bxf7 24. d5 $16) 24. Bd5+ $18 Kf8 (24... Kf6 25.
h3 Nh6 26. Re1 $18) 25. Be6 Nf6 26. Bxc8 Rxc8 27. d5 Bc2 28. Rd2 Bxb3 29. d6
Bd8 30. d7 Rc6 31. Nd4 Be6 32. Nxc6 bxc6 33. Ne2 Nxd7 34. Nf4 Bf5 35. h3 Bg5
36. Rd6 c5 37. Ne6+ Ke7 38. Rxd7+ Kxe6 39. Rxg7 Bd2 40. g4 Bc2 41. f4 $4 (41.
Rb7 Ba5 42. f4 $18) 41... Bxf4 42. Kf2 h6 43. Rb7 Bxa4 44. Rxb6+ Kd5 45. Bg7
Bc6 46. h4 c4 47. g5 hxg5 48. h5 Ba4 49. h6 Bc2 50. Rb7 g4 51. Bf8 c3 52. h7
Bxh7 53. Rxh7 c2 54. Ba3 c1=Q 55. Bxc1 Bxc1 56. Rg7 1/2-1/2

[Event "USA-ch m"]
[Site "Los Angeles"]
[Date "1991.??.??"]
[Round "1.3"]
[White "Alburt, Lev O"]
[Black "Dlugy, Maxim"]
[Result "1-0"]
[WhiteElo "2535"]
[BlackElo "2560"]
[Annotator "Horn,Pe"]
[PlyCount "99"]
[EventDate "1991.07.??"]
[EventType "k.o."]
[EventRounds "4"]
[EventCountry "USA"]
[SourceTitle "CBM 025"]
[Source "ChessBase"]
[SourceDate "1991.12.01"]
[SourceVersion "1"]
[SourceVersionDate "1991.12.01"]
[SourceQuality "1"]

1. Nf3 d5 2. g3 c6 3. c4 Nf6 4. Bg2 Bf5 5. Qb3 (5. cxd5 $1 cxd5 6. Qb3) 5...
Qb6 6. cxd5 Qxb3 7. axb3 cxd5 {N} (7... Bxb1 $2 8. dxc6 $16) (7... Nxd5 8. d3
Nb4 9. Na3 $13) 8. Nd4 (8. Nc3 Nc6 9. d3 e6 10. O-O Be7 $14 {
Matychenko-Kandiba, Smolensk 1991 (CBM24)}) 8... Bxb1 9. Rxb1 Nc6 10. Nxc6 bxc6
11. d3 e6 (11... Rb8 $6 12. Ra1 $14) 12. O-O Kd7 $1 13. Be3 Bd6 {/\ Rfb8-/+}
14. Ra1 a5 (14... a6 {/\ Rfb8-/+}) 15. Bd2 Bb4 16. Bxb4 axb4 17. Ra4 Rxa4 18.
bxa4 {/\ b3} b3 $1 19. Ra1 Ra8 20. Bf3 (20. Ra3 $1 $10) 20... Kc7 {/\ Nd7} 21.
e3 Nd7 22. a5 (22. d4 $2 Nb6 23. a5 Nc4) (22. Bd1 $2 Nc5) 22... Nc5 23. Be2 Nb7
24. a6 Nd6 25. Kf1 Kb6 26. Bd1 Rxa6 27. Rxa6+ Kxa6 28. Bxb3 Kb5 29. Ke2 Kb4 $15
30. Bc2 c5 31. Kd2 e5 32. Bd1 f5 33. Kc2 g5 34. h4 g4 (34... h6 $15) 35. f3 h5
(35... f4 36. exf4 (36. fxg4 fxg3 37. Bf3 e4 38. dxe4 dxe4 39. Bg2 Nc4) 36...
exf4 37. fxg4 (37. gxf4 g3) 37... fxg3 38. Bf3 d4) 36. Kd2 e4 (36... f4 37.
exf4 exf4 38. fxg4 fxg3 39. Bf3 hxg4 40. Bxd5 Nf5 41. h5) (36... c4) 37. dxe4
dxe4 38. fxg4 fxg4 39. Bc2 c4 40. Ke2 c3 41. bxc3+ Kxc3 42. Ba4 Nf5 43. Kf2 Kd2
44. Bc6 Nd6 (44... Nxe3 45. Bxe4 {/\ Bg6}) 45. Bd5 Kd3 46. Bc6 Kc4 (46... Kd2
$10) 47. Ke2 Kc5 48. Bd7 Kb6 49. Be6 Kc5 50. Bg8 {Zeitüberschreitung ?} (50.
Bg8 Ne8 51. Bf7 Nf6 52. Bg6 Kc4 53. Kd2 $14) 1-0

[Event "Rubinstein Memorial 35th"]
[Site "Polanica Zdroj"]
[Date "1998.08.18"]
[Round "2"]
[White "Markowski, Tomasz"]
[Black "Rublevsky, Sergei"]
[Result "0-1"]
[WhiteElo "2525"]
[BlackElo "2685"]
[Annotator "Horn,Pe"]
[PlyCount "84"]
[EventDate "1998.08.17"]
[EventType "tourn"]
[EventRounds "11"]
[EventCountry "POL"]
[EventCategory "17"]
[SourceTitle "CBM 067"]
[Source "ChessBase"]
[SourceDate "1998.11.30"]
[SourceVersion "2"]
[SourceVersionDate "1998.11.01"]
[SourceQuality "1"]

1. Nf3 d5 2. g3 Bg4 3. Bg2 Nd7 4. c4 e6 5. cxd5 exd5 6. O-O c6 7. d3 Bd6 8. Qc2
(8. e4 Ne7 9. Nbd2 Nc5 10. Qc2 Ne6 11. b3 O-O 12. Bb2 Bc7 13. b4 Qd6 14. Qc3
Rad8 15. Nb3 Bb6 16. Rac1 dxe4 {1/2-1/2 Fauland,A-Chernin,A/AUT-chT 1996}) (8.
Nc3 Ne7 9. h3 (9. Qa4 Bh5 10. Qh4 Bg6 11. e4 (11. Bf4 Nc5 12. Bxd6 Qxd6 13. Qb4
a5 14. Qa3 b5 15. d4 Ne4 16. Qxd6 Nxd6 17. Rac1 O-O 18. Ne5 Bf5 19. Nxc6 $2 (
19. a4) 19... Nxc6 20. Nxd5 Nxd4 $19 {Wilhelmi,C-Rabiega,R/BL2-N9697/1997})
11... O-O 12. Be3 (12. Bf4 Nc5 13. Rad1 Ne6 14. Be3 Re8 15. Ng5 Nxg5 16. Qxg5
f6 17. Qg4 f5 18. Qf3 dxe4 19. dxe4 Qc7 20. Rd2 fxe4 21. Nxe4 Be5 22. Bc5 Nd5
23. Qb3 Kh8 $11 {Vaganian,R-Bagirov,V/URS-FL 1977}) 12... Re8 13. Rad1 a6 14.
Qh3 Bb4 15. Nh4 Nf8 16. Nxg6 hxg6 17. exd5 Bxc3 18. bxc3 Nxd5 19. Bd2 Qa5 20.
c4 Nc3 21. Qg4 Qa3 22. Bc1 Qa5 23. Bd2 Qa3 24. Bc1 Qa5 {1/2-1/2 Kortschnoj,
V-Chernin,A/Rubinstein mem 1992}) (9. e4 dxe4 10. dxe4 Ne5 11. Qe2 O-O 12. Qe3
Nxf3+ 13. Bxf3 Bc5 {1/2-1/2 Landenbergue,C-Lalic,B/Novi Sad olm 1990}) 9... Bh5
10. e4 dxe4 (10... O-O 11. Qc2 Re8 12. Re1 Nc5 13. e5 Bc7 14. Ne2 Ne6 15. Ned4
c5 16. Nxe6 fxe6 17. Qxc5 Bxf3 18. Bxf3 Rf8 19. Kg2 Nc6 20. Rf1 (20. Bg4 $5)
20... Nxe5 $132 {Khasin,A-Rodin,M/RUS-chT 1994}) 11. dxe4 Ne5 (11... Bxf3 12.
Qxd6 (12. Qxf3 $5) 12... Bxg2 13. Kxg2 Nc8 14. Qb4 Qb6 15. Qa3 Qc5 16. Qxc5
Nxc5 17. Rd1 $14 {Dizdar,G-Rabiega,R/Zillertal op/1993}) 12. g4 Nxf3+ (12...
Bg6 13. Nxe5 Bxe5 14. Be3 Bc7 15. Qe2 Bb6 16. Rad1 Qc7 17. f4 $14 {Dejkalo,
S-Kuczynski,R/POL-ch/1987}) 13. Qxf3 Bg6 14. Bf4 Bxf4 15. Qxf4 O-O 16. Rad1 Qb6
17. Rd7 $1 $36 {Karasev,V-Solozhenkin,E/St.Petersburg-ch/1995}) 8... Ne7 {
Flexibler als Ngf6. Die Erfahrungen mit diesem Aufbau sind nicht schlecht.} 9.
e4 O-O 10. Nc3 Nc5 {[%cal Yc5e6] gefällt mir an dieser Stelle (Weiß hat schon
Qc2 gespielt) am besten.} (10... dxe4 {Der Tausch liegt eher im Interesse von
Weiß.} 11. dxe4 Ne5 (11... Nc5 12. Be3 Ne6 13. Rad1 $14 {Preiss,M-Klebel,M/
Badenweiler op/1990}) 12. Nxe5 Bxe5 13. Be3 Bd4 14. Bxd4 Qxd4 15. h3 Be6 16.
Rad1 Qc5 17. Rd2 $14 {Berkovich,M-Kogan,A/ISR-chT 1996}) (10... Re8 11. Bg5 Rc8
12. exd5 cxd5 13. Qa4 Bf5 14. Bxe7 Bxe7 15. Nxd5 Bxd3 16. Rfe1 Bc5 17. Rxe8+
Qxe8 18. Re1 Qd8 19. Bh3 f5 20. Qd1 Be4 21. Rxe4 $1 fxe4 22. Bxd7 $16 {Fancsy,
I-Khenkin,I/Heraklio op 1993}) (10... a6 11. Bg5 f6 12. Bd2 Kh8 13. exd5 cxd5
14. h3 Bh5 15. Nd4 $14 {Loginov,V-Varga,P/Budapest FS09 GM 1994}) 11. exd5 $146
{Weiß gibt die Majorität im Zentrum auf; danach kann er kaum auf
Eröffnungsvorteil rechnen.} (11. h3 Bh5 (11... Bxf3 12. Bxf3 $14) 12. Re1 (12.
Rb1 Ne6) (12. Be3 Ne6 $132)) (11. Ne2 Ne6 12. Be3 Qd7 13. Nh4 g5 14. f3 gxh4
15. fxg4 Ng7 16. g5 hxg3 17. Nxg3 d4 18. Bf4 (18. Bxd4 $5) 18... Bxf4 19. Rxf4
Ng6 20. Rf6 Qg4 21. Qd2 Ne6 22. Rf5 $2 (22. Nf5) 22... Nh4 $17 {Ninov,K-Sharif,
M/Cap d'Agde op 1994}) (11. Bg5 $5 Ne6 (11... f6 12. Bd2 $13) 12. Bxe7 Bxe7 (
12... Qxe7 13. exd5 Bxf3 14. Bxf3 Nd4 15. Qd1 $14) 13. exd5 cxd5 (13... Bxf3
14. Bxf3 Nd4 15. Qd1 $14) 14. Ne5 $14) 11... Nxd5 12. Nxd5 cxd5 13. d4 Ne4 14.
Qb3 Qa5 15. Be3 (15. Qxb7 $4 Rab8 16. Qc6 Rfc8 $19) 15... Rfc8 16. Ne5 {
[%csl Rf7][%cal Rg2e4] Plötzlich fängt Weiß doch noch an, ehrgeizig zu spielen.
Er konnte stattdessen fortfahren, die Spannung aus der Stellung zu nehmen.} (
16. Ng5 $11) (16. Rfc1 $11) 16... Be6 17. Rfc1 $2 (17. f4 {wäre die logische
Fortsetzung gewesen. In der Tat schwächt Pf4 die weißen Felder, aber dafür
erhält Weiß aktive Möglichkeiten.}) 17... Bxe5 18. dxe5 d4 19. Qxb7 dxe3 (19...
Nxg3 20. hxg3 dxe3 $19) 20. Qxe4 exf2+ 21. Kxf2 Rxc1 22. Rxc1 (22. Qxa8+ Rc8
23. Qe4 Qb6+ $19) 22... Qd2+ 23. Qe2 Qxc1 24. Bxa8 Bc4 $1 {[%csl Rb2] Weiß
kann jetzt die Deckung des Pb2 nicht mehr aufrechterhalten.} 25. Qe4 Qxb2+ 26.
Kf3 Qc3+ $1 (26... Bf1 $5) 27. Kg4 (27. Qe3 Qxe3+ 28. Kxe3 Bxa2 $19) 27... Be6+
(27... Bxa2 28. Bd5 {ist schwieriger}) 28. Kf4 $8 Qd2+ {führt zu einem
gewonnenen Endspiel.} (28... g5+ {Er konnte aber auch erst einen Bauern
gewinnen, und dann das Endspiel mit 2 Mehrbauern spielen.} 29. Kxg5 Qd2+ 30.
Kh5 (30. Qf4 Qd8+ $19) 30... Kg7 {[%cal Rd2h6]} 31. Qf4 Qxh2+ 32. Qh4 Qe2+ 33.
g4 Qxe5+ 34. Qg5+ Qxg5+ 35. Kxg5 Bxa2 $19) 29. Qe3 Qxe3+ 30. Kxe3 Bxa2 $19 31.
Kd4 a5 32. Kc5 Bb3 33. Kb5 a4 34. Kb4 Kf8 35. Bf3 Ke7 36. Bg4 Be6 37. Be2 Bb3
38. Bg4 f6 39. exf6+ Kxf6 40. Be2 Ke5 41. Bd3 h6 42. Kc3 Be6 0-1

[Event "Interzonal-15"]
[Site "Manila"]
[Date "1990.??.??"]
[Round "6"]
[White "Rogers, Ian"]
[Black "Torre, Eugenio"]
[Result "1/2-1/2"]
[WhiteElo "2535"]
[BlackElo "2530"]
[Annotator "Horn,Pe"]
[PlyCount "89"]
[EventDate "1990.06.29"]
[EventType "swiss"]
[EventRounds "13"]
[EventCountry "PHI"]
[SourceTitle "CBM 019"]
[Source "ChessBase"]
[SourceDate "1990.12.01"]
[SourceVersion "1"]
[SourceVersionDate "1990.12.01"]
[SourceQuality "1"]

1. Nf3 d5 2. c4 c6 3. Qc2 Nf6 4. g3 Bg4 5. Bg2 e6 6. O-O Nbd7 7. b3 Bd6 8. Bb2
O-O 9. d3 e5 (9... Qe7 10. e4 dxe4 11. dxe4 Bxf3 12. Bxf3 e5 13. Rd1 Rfd8 14.
a3 a5 15. Nc3 Nc5 16. b4 Ne6 17. c5 Bc7 18. Na4 Rxd1+ 19. Rxd1 axb4 20. axb4
Rd8 $10 {Radulov-Hennings, Lugano ol 1968}) 10. a3 (10. Nbd2) 10... Re8 11. b4
$6 Bf8 12. e4 dxe4 13. dxe4 a5 $1 $15 14. c5 axb4 15. axb4 Rxa1 16. Bxa1 Bxf3
17. Bxf3 b6 $1 18. cxb6 Qxb6 19. Bc3 Bxb4 20. Bxb4 Qxb4 21. Qxc6 Nc5 22. Qd6
Qa5 23. Qd2 Qa4 24. Nc3 Ncxe4 25. Nxe4 Nxe4 26. Qc1 Qd4 27. Bxe4 Qxe4 28. Re1
Qd5 29. h4 h6 30. Qe3 f5 31. Rc1 Rb8 $6 32. Qc5 Qe6 33. Qc4 Re8 34. Qxe6+ Rxe6
35. Rc7 Kf8 36. Kg2 Re7 37. Rc5 Kf7 38. f4 Kf6 39. fxe5+ Rxe5 40. Rc6+ Re6 41.
Rc5 Ra6 42. Rb5 g5 43. hxg5+ hxg5 44. Kf2 Ra2+ 45. Kf1 1/2-1/2

[Event "Voskresensk"]
[Site "Voskresensk"]
[Date "1990.??.??"]
[Round "?"]
[White "Dizdar, Goran"]
[Black "Barle, Janez"]
[Result "1-0"]
[WhiteElo "2470"]
[BlackElo "2430"]
[Annotator "Horn,Pe"]
[PlyCount "71"]
[EventDate "1990.07.??"]
[EventType "tourn"]
[EventRounds "11"]
[EventCountry "URS"]
[EventCategory "9"]
[SourceTitle "CBM 019"]
[Source "ChessBase"]
[SourceDate "1990.12.01"]
[SourceVersion "1"]
[SourceVersionDate "1990.12.01"]
[SourceQuality "1"]

1. Nf3 Nf6 2. g3 d5 3. Bg2 c6 4. O-O Bf5 5. d3 e6 6. c4 Bc5 7. Nc3 dxc4 $6 {
N; ohne Nc3/Bc5 gilt das entstehende Endspiel als = (Kortschnoj-Karpov,
Tilburg 86)} (7... O-O 8. Qb3) 8. dxc4 Qxd1 9. Rxd1 Ne4 $2 (9... h6) 10. Nxe4
Bxe4 11. Bf4 Bxf3 (11... Nd7 $2 12. Rxd7 Bxf3 13. Rxb7 Bxg2 14. Kxg2 $18) 12.
Bxf3 Nd7 13. b4 $1 Be7 14. b5 Rc8 15. Rab1 Nc5 16. bxc6 b6 (16... bxc6 17. Rb8
$18) 17. Be3 Rc7 18. Bf4 Rc8 19. Be3 Rc7 20. a4 O-O 21. a5 bxa5 22. Rb5 Na4 23.
Rxa5 Nb6 24. Bf4 Rcc8 25. Rxa7 Bc5 26. Ra5 Be7 27. Rc1 f6 28. Be3 Bd8 29. Ra6
Na8 30. Rd1 Bc7 31. Rd7 Rf7 32. Ra7 Kf8 33. Bc5+ Ke8 34. Bd6 Rxd7 35. cxd7+
Kxd7 36. Bc5 1-0

[Event "Lvov zt"]
[Site "Lvov"]
[Date "1990.??.??"]
[Round "?"]
[White "Shirov, Alexei"]
[Black "Vyzmanavin, Alexey"]
[Result "1-0"]
[WhiteElo "2500"]
[BlackElo "2560"]
[Annotator "Horn,Pe"]
[PlyCount "123"]
[EventDate "1990.02.??"]
[EventType "swiss"]
[EventRounds "9"]
[EventCountry "URS"]
[SourceTitle "CBM 018"]
[Source "ChessBase"]
[SourceDate "1990.10.01"]
[SourceVersion "1"]
[SourceVersionDate "1990.10.01"]
[SourceQuality "1"]

1. Nf3 Nf6 2. g3 d5 3. Bg2 c6 4. O-O Bg4 5. c4 e6 6. d3 Nbd7 7. cxd5 exd5 8.
Nc3 Be7 9. h3 Bxf3 10. Bxf3 d4 (10... O-O $1 11. Bg2 $6 d4 12. Ne4 Nxe4 13.
dxe4 $6 Nc5 14. f4 Qb6 $1 $15 {Vaganian-van der Wiel, Wijk 1989 (->CBM11)}) 11.
Ne4 O-O (11... Nxe4 $5 12. Bxe4) 12. Nxf6+ Bxf6 (12... Nxf6 $5 13. b4 (13. Bg5)
13... Nd5 (13... Bxb4 $6 14. Rb1)) 13. b4 $5 a5 (13... Nb6 $5 {/\ Nd5}) 14. Qb3
(14. b5 $2 cxb5 15. Bxb7 Rb8 {/\ Nb6-d5=/+}) 14... axb4 15. Qxb4 Ra7 16. a4 $14
{Der schwarze Q-Flügel hat keine Chance, sich dem Druck der weißen Figuren zu
entziehen.} Ne5 17. Bg2 Be7 18. Qb3 Bc5 19. Bd2 Qe7 20. a5 h6 21. Ra2 Nd7 22.
Re1 Nb8 {verhindert a5-a6} 23. Qc4 Na6 24. Rb2 Nc7 25. Rc2 Ne6 {Danach erhöhen
sich die weißen Chancen, a5-a6 durchzusetzen.} (25... Na6 $5) 26. f4 Qf6 27.
Rb1 {/\ a6} Rc8 {Deckt c6 und verhindert so a5-a6.} 28. Bf3 Bd6 29. Bg4 Re8 (
29... g5 $6 30. Bxe6 fxe6 31. Rf1 $16) (29... Rc7 $5) 30. a6 $1 Rxa6 31. Rxb7
Nc5 32. Kg2 Rea8 33. Rb4 Ne6 34. Rb1 Nc5 35. Rcb2 g6 36. Rb6 Ra2 37. Rxc6 Rxd2
38. Qxc5 Bxc5 39. Rxf6 Ra7 40. Rc6 Ba3 (40... Be7 $5) 41. Rb5 Kg7 42. Rd5 Bb2
43. f5 gxf5 44. Rxf5 Rd1 45. Bf3 Rda1 46. Rf4 R1a6 47. Rg4+ Kf8 48. Rc8+ Ke7
49. Re4+ Kf6 50. h4 Kg7 51. Ree8 Ra1 52. Rg8+ Kf6 53. Rc6+ Ke7 54. Rxh6 Bc1 55.
Rhh8 Be3 56. Re8+ Kf6 57. Rhg8 Rg1+ 58. Kh3 Bf2 59. Re4 Ra6 60. g4 Re6 61. Rf4+
Ke7 62. g5 1-0

[Event "EST-ch int"]
[Site "Puhajarve"]
[Date "2001.08.08"]
[Round "11"]
[White "Kengis, Edvins"]
[Black "Zjukin, Sergei"]
[Result "1-0"]
[WhiteElo "2572"]
[BlackElo "2415"]
[Annotator "Horn,Pe"]
[PlyCount "63"]
[EventDate "2001.08.08"]
[EventType "tourn"]
[EventRounds "11"]
[EventCountry "EST"]
[EventCategory "9"]
[SourceTitle "CBM 085"]
[Source "ChessBase"]
[SourceDate "2001.11.13"]
[SourceVersion "1"]
[SourceVersionDate "2001.11.13"]
[SourceQuality "1"]

1. Nf3 Nf6 2. c4 g6 3. g3 c6 4. b3 Bg7 5. Bb2 d5 6. Bg2 O-O 7. O-O Bf5 8. d3
Qd7 9. Nbd2 Bh3 10. Rc1 (10. Qc2 Bxg2 11. Kxg2 Rd8 12. Rac1 dxc4 13. Nxc4 Na6
14. Nce5 $14 {Ibragimov,I-Yandemirov,V/Elista 1995}) (10. Be5 $6 Bxg2 11. Kxg2
Qd8 12. Rc1 Nbd7 13. Bc3 Re8 $11 {Carrazoni,H-Guichon,D/Mar del Plata 1973})
10... Bxg2 11. Kxg2 Ne8 12. Qc2 d4 {Riskant gespielt angesichts der schwarzen
Unterentwicklung.} 13. b4 {Zunächst unterbindet Kengis die Unterstützung des
waghalsigen Vorpostens mit Pc7-c5...} e5 14. e3 {... und dann wird er befragt.}
dxe3 (14... Nc7 {läßt Schwarz mit einem Sorgenkind nach} 15. exd4 exd4 16. Rfe1
$14 {[%csl Rd4]}) 15. fxe3 Qe7 16. c5 {[%cal Yd2c4,Yc4d6]} Nd7 17. Nc4 Nc7 18.
e4 $14 {Die Bauernstruktur ist aus der sizilianischen Verteidigung (mit
umgekehrten Farben) bekannt. Die zentrale Bauernkette Pd3+e4 wirkt optimal mit
den weißen Leichtfiguren zusammen.} f6 $2 ({Hier hätte ich den Mut zu} 18... b6
{erwartet.}) 19. Nd6 Ne6 $2 20. Qc4 $2 ({Was sprach gegen} 20. Nxb7 $18 {?})
20... Kh8 21. d4 exd4 22. Nxd4 Nc7 {[%cal Yc7e8]} (22... Nxd4 23. Bxd4 b5 24.
Qb3 $16) 23. Nf3 Ne8 24. Rcd1 Nxd6 25. Rxd6 Rfe8 26. Qd3 Nf8 (26... Rad8 $2 27.
Rd1 $18) 27. Re1 {[%cal Ye4e5]} Rad8 28. e5 $1 f5 (28... fxe5 $2 29. Nxe5 Qc7
30. Rxd8 Rxd8 31. Qxd8 $18) 29. Bc3 Ne6 30. Rd1 Kg8 31. Qc4 Kf7 $4 (31... Kh8
$4 32. Qxe6 Qxe6 33. Rxe6 $18) ({Die einzige Möglichkeit, den Widerstand zu
verlängern, bestand in} 31... Rxd6 $8 32. exd6 Qd7) 32. Rxe6 1-0

[Event "RSFSR-ch"]
[Site "Kuibyshev"]
[Date "1990.??.??"]
[Round "?"]
[White "Makarov, Marat"]
[Black "Shabanov, Yuri"]
[Result "1/2-1/2"]
[WhiteElo "2480"]
[BlackElo "2375"]
[Annotator "Horn,Pe"]
[PlyCount "41"]
[EventDate "1990.??.??"]
[EventType "tourn"]
[EventRounds "15"]
[EventCountry "URS"]
[EventCategory "6"]
[SourceTitle "CBM 021"]
[Source "ChessBase"]
[SourceDate "1991.04.01"]
[SourceVersion "1"]
[SourceVersionDate "1991.04.01"]
[SourceQuality "1"]

1. Nf3 d5 2. c4 c6 3. e3 Nf6 4. Nc3 e6 5. b3 Nbd7 6. Qc2 Bd6 7. Bb2 O-O 8. h3
$6 {N} (8. d4 a6 9. O-O-O $13 {Makarov-Dreev, Gorki 1989}) (8. Rc1 Qe7 9. Nd4
Ba3 $2 10. Bxa3 Qxa3 11. cxd5 exd5 12. Na4 Ne4 $2 13. f3 $16 {
Nimzowitsch-Maroczy, Bled 1931}) 8... a6 (8... e5 9. cxd5 cxd5 10. Nb5 Bb8 11.
Rc1 a6 12. Nc7 Bxc7 13. Qxc7 Qxc7 14. Rxc7 Ne8 15. Rc2 f6 $14) 9. g4 b5 (9...
e5 $2 10. g5 $18) 10. g5 Ne8 11. d4 bxc4 (11... b4 12. Na4 dxc4 13. Bxc4 $13) (
11... f5 $5 12. c5 (12. gxf6 $6 Qxf6 $40) 12... Bc7 13. Ne2 Qe7 {/\ e5}) 12.
bxc4 Rb8 13. Bd3 g6 14. c5 Bc7 15. Ne2 Qe7 16. h4 Ng7 17. O-O-O e5 18. Nxe5
Nxe5 19. dxe5 Bxe5 20. Bxe5 Qxe5 21. Nd4 $14 1/2-1/2

[Event "EU-Cup 13th final"]
[Site "Kazan"]
[Date "1997.12.30"]
[Round "3"]
[White "Nalbandian, Tigran"]
[Black "Sanduleac, Vasile"]
[Result "1-0"]
[WhiteElo "2440"]
[BlackElo "2425"]
[Annotator "Horn,Pe"]
[PlyCount "155"]
[EventDate "1997.12.28"]
[EventType "team-k.o."]
[EventRounds "4"]
[EventCountry "RUS"]
[SourceTitle "EXT 2020"]
[Source "ChessBase"]
[SourceDate "2019.10.17"]
[SourceVersion "1"]
[SourceVersionDate "2019.10.17"]
[SourceQuality "1"]
[WhiteTeam "Yerevan"]
[BlackTeam "Chisinau Rezina-Gaz"]
[WhiteTeamCountry "ARM"]
[BlackTeamCountry "MDA"]

1. Nf3 d5 2. g3 c6 3. Bg2 Bg4 4. O-O Nd7 5. d3 Ngf6 6. Nbd2 e6 7. c4 a5 8. cxd5
exd5 9. h3 Bxf3 (9... Bh5) 10. Nxf3 Be7 {Dieser naheliegende Zug ist hier
vielleicht nicht der beste.} (10... Bc5 11. Nh4 $5) 11. Nd4 O-O (11... g6 12.
Bh6 $14) 12. Nf5 {Darin sehe ich das Problem von 10...Be7.} Re8 (12... Bc5 {
Damit g�be Schwarz zu, da� sein 10.Zug nicht optimal war (er h�tte ja
gleich nach c5 gehen k�nnen). Immerhin behielte er seinen Be7.} 13. e4 $14)
13. Nxe7+ Qxe7 14. e3 {Nun mu� Schwarz mit den beiden Pferden das B-Paar
bek�mpfen. Momentan machen beide B einen k�mmerlichen Eindruck, aber da es
Schwarz schwer f�llt, konkrete Ziele zu finden, hat Wei� viel Zeit, das zu
ver�ndern.} Nc5 15. Qc2 Ne6 16. Bd2 Nd7 17. Rae1 (17. Rac1 $5 $14) 17... Qc5
18. Qa4 {Eine Provokation.} (18. Rc1) 18... Qb6 (18... b5 $6 19. Qd1 Qd6 20. e4
$14) 19. Qc2 Qc5 20. Rc1 Qxc2 21. Rxc2 Ndc5 {Nun hat Schwarz doch noch ein
konkretes Ziel gefunden.} 22. Rc3 (22. d4 {Das ist ein Zugest�ndnis, da es
den Bd2 auf lange Sicht einkerkert.} Ne4 (22... Nd7 $5) 23. Bc1 $14 {/\ Kh2, f3
}) 22... Nd7 (22... d4 $2 23. exd4 Nd7 24. d5 $16) 23. Ra3 $6 {Wei� m�chte
Pd4 ausweichen; allerdings begibt sich der Ra3 hierauf gef�hrliches
Gel�nde.} (23. Re1 d4) (23. d4) 23... a4 24. Rc1 Red8 25. f4 Nc7 26. Rac3 d4
27. Rc4 dxe3 28. Bxe3 {Diese Stellung finde ich nicht so klar: jetzt sind zwar
die wei�en B aktiv, aber daf�r mu�te Wei� seine Bauernstruktur (Pd3)
schw�chen.} Nb5 (28... Nf6 {Die Blockade auf d5 kam ernsthaft in Betracht:
Schwarz hat aber aktivere Ideen.} 29. Bb6 Rd7 30. Re1 Ncd5 $14) 29. a3 Nf6 30.
Be4 $6 Re8 (30... Nd6 $1 31. Rb4 Re8 $132 {Danach f�llt es mir schwer, das
wei�e Spiel zu rechtfertigen.}) 31. Bc5 g6 (31... Nxe4 32. dxe4 $14) 32. g4
Nd7 33. Bf2 Nf8 34. Bh4 Ne6 35. Rf1 Nd6 36. Rb4 Nc5 37. Rd1 Kg7 (37... Ndxe4
38. dxe4 Rxe4 39. Rxe4 (39. Bf6) 39... Nxe4 40. Rd7 Nc5 41. Re7) 38. Bf2 Ne6
39. Bf3 Re7 40. Re1 Rd7 41. Re5 Nb5 42. Be2 Nbd4 43. f5 Nxe2+ 44. Rxe2 Nf8 45.
Kg2 f6 46. Rbe4 Rf7 $6 {Es ist zwar verst�nlich, da� die Kr�cke Pd3 dem
Schwarzen nicht so gut schmeckt, aber jetzt begibt sich Schwarz freiwillig in
die R�ckenlage.} (46... Rxd3 47. Re7+ Kg8 48. Rxb7 gxf5 49. gxf5 Ra5 50. Ree7
Rxf5) 47. Bd4 gxf5 48. gxf5 Nd7 49. Rg4+ Kh8 50. Re6 Rg8 51. Kg3 h5 $6 52.
Rxg8+ Kxg8 53. Kh4 Rg7 54. Bxf6 Nxf6 55. Rxf6 Rd7 56. Re6 Rxd3 57. Re7 Rf3 (
57... Rb3 58. Kg5 Rxb2 59. Kg6 Rg2+ 60. Kf6 (60. Kxh5 Rg3 61. Rxb7 Rxh3+ 62.
Kg6 Rg3+ 63. Kf6 c5 64. Rc7 Rxa3 65. Rxc5)) 58. Kg5 Rxh3 59. Rxb7 h4 60. Rb4
Rb3 61. Rxh4 Rxb2 62. Rxa4 c5 63. Kg6 Rg2+ 64. Kf6 Ra2 65. Rg4+ Kf8 66. a4 Rh2
67. Rc4 Rh6+ 68. Ke5 Ra6 69. Kd5 Ke7 70. Re4+ Kf6 71. Kxc5 Kxf5 72. Kb5 Ra8 73.
Re1 Rb8+ 74. Kc6 Ra8 75. Ra1 Ra5 76. Kb6 Ra8 77. a5 Rb8+ 78. Kc7 1-0